00715nam a2200241 a 4500001001300000003000900013005001700022008004100039020001000080082001300090100001800103245002100121260003500142300000900177500003500186650001800221700001800239902000800257942000700265952009300272952009300365999001500458nice12345678IN_TiNIC20260116011936.0070405s1935 luda grp 000 0 ara  ac10000a244bJHO aJhonston, A F aYoel Ibnul Jalib aLudhiyana bNo Publisherc1935 a232p aincludes index and biblioraphy aBible Stories1 aJhonston, A F bRBA cBK 00104070aHMIbHMId2016-04-22g100.00l0o244 JHOp5126r0000-00-00w2026-01-16yARB 00104070aHMIbHMId2016-04-22g100.00l0o244 JHOp5127r0000-00-00w2026-01-16yARB c4991d4991